000 00589nam a2200181Ia 4500
005 20250423095921.0
008 250422s9999 xx 000 0 und d
020 _a0517146967
050 _aRM 216 .G67/
100 _aGoodman, Harriet Wilinsky
245 0 _aJust what the doctor ordered: a complete medical cookbook with over 250 gourmet recipes for low- calorie, diabetic, low- fat, low- cholesterol, low- sodium, bland, high- fiber, and renal diets
260 _aNew York
260 _bWings books
260 _c1995
300 _a697 p
650 _aDiet therapy
942 _cBK
999 _c31724
_d31724